कथा कोकण किनाऱ्याSाी (Record no. 334427)

MARC details
000 -LEADER
fixed length control field 00610nam a2200169Ia 4500
008 - FIXED-LENGTH DATA ELEMENTS--GENERAL INFORMATION
fixed length control field 090711s9999 xx 000 0 und d
082 ## - DEWEY DECIMAL CLASSIFICATION NUMBER
Item number 1545
100 ## - MAIN ENTRY--PERSONAL NAME
Personal name गोळे प्रकाश
245 ## - TITLE STATEMENT
Title कथा कोकण किनाऱ्याSाी
260 ## - PUBLICATION, DISTRIBUTION, ETC. (IMPRINT)
Name of publisher, distributor, etc कॉन्टीनेन्टल प्रकाशन
Date of publication, distribution, etc 1998
300 ## - PHYSICAL DESCRIPTION
Extent 109
600 ## - SUBJECT ADDED ENTRY--PERSONAL NAME
Personal name गोळे प्रकाश
630 ## - SUBJECT ADDED ENTRY--UNIFORM TITLE
Uniform title कथा कोकण किनाऱ्याSाी
700 ## - ADDED ENTRY--PERSONAL NAME
Personal name गोळे प्रकाश
730 ## - ADDED ENTRY--UNIFORM TITLE
Uniform title कथा कोकण किनाऱ्याSाी
942 ## - ADDED ENTRY ELEMENTS (KOHA)
Koha item type Book

No items available.